| 000 | 01345nam a22002057a 4500 | ||
|---|---|---|---|
| 005 | 20260515093804.0 | ||
| 008 | 260515b |||||||| |||| 00| 0 eng d | ||
| 020 | _a9781408730973 | ||
| 040 | _cAL | ||
| 041 | _aeng | ||
| 082 |
_a823.914 _bGALR |
||
| 100 |
_aRobert Galbraith _9263977 |
||
| 245 | _aRunning grave | ||
| 260 |
_aGreat Britain _bSphere _c2024 |
||
| 300 |
_avii,1184p _bPB _c20x13cm |
||
| 365 |
_2English _c₹ _d₹799.00 _f14-03-2026 _a6831 _b639.00 _e20% |
||
| 520 | _aPrivate Detective Cormoran Strike is contacted by a worried father whose son, Will, has gone to join a religious cult in the depths of the Norfolk countryside. The Universal Humanitarian Church is, on the surface, a peaceable organisation that campaigns for a better world. Yet Strike discovers that beneath the surface there are deeply sinister undertones, and unexplained deaths. In order to try to rescue Will, Strike's business partner Robin Ellacott decides to infiltrate the cult and she travels to Norfolk to live incognito amongst them. But in doing so, she is unprepared for the dangers that await her there or for the toll it will take on her . . . Utterly page-turning, The Running Grave moves Strike and Robin's story forward in the epic, unforgettable seventh instalment of the series. | ||
| 650 |
_aEnglish Fiction _9263976 |
||
| 942 |
_2ddc _cBK |
||
| 999 |
_c241435 _d241435 |
||